Truyện ngắn quái dị
v.v...
Đã lưu trong:
| Tác giả chính: | |
|---|---|
| Định dạng: | Sách |
| Năm xuất bản: |
H.
Hội Nhà Văn
2007
|
| Chủ đề: | |
| Tags: |
Thêm thẻ
Không có thẻ, Hãy là người đầu tiên gắn thẻ bản ghi này!
|
| LEADER | 00579nam a2200169 4500 | ||
|---|---|---|---|
| 082 | |a 808.83 |b TR527ng | ||
| 100 | |a Tô Chương dịch | ||
| 245 | |a Truyện ngắn quái dị |c Nhiều tác giả; Tô Chương dịch | ||
| 260 | |a H. |b Hội Nhà Văn |c 2007 | ||
| 300 | |a 334 tr. |c 21 cm. | ||
| 520 | |a v.v... | ||
| 653 | |a Văn học hiện đại | ||
| 653 | |a Thế giới | ||
| 653 | |a Truyện ngắn | ||
| 942 | |2 ddc |c SH | ||
| 999 | |c 3538 |d 3538 | ||
| 952 | |0 0 |1 0 |2 ddc |4 0 |6 808_830000000000000_TR527NG |7 0 |8 800 |9 37194 |a qbu |b qbu |c D5 |d 2014-12-16 |o 808.83 TR527ng |p 522.c1 |r 0000-00-00 |w 2014-12-16 |y SH | ||